| 000 | 00463nam a2200169Ia 4500 | ||
|---|---|---|---|
| 008 | 230718s9999 xx 000 0 und d | ||
| 020 | _a9789384588908 | ||
| 041 | _aeng | ||
| 082 |
_a621.51 _bJAG |
||
| 100 | _aJagadeesha T. | ||
| 245 | _aHydraulics and Pneumatics | ||
| 260 |
_c2015 _bI.K. International |
||
| 300 |
_a427 _dRef 182 M (56113) |
||
| 365 |
_cRs. _b395.00 |
||
| 700 | _aJagadeesha T. | ||
| 906 |
_dO:0559105-Jul-2017B:IN9910-Jun-2017 _cMECH _b197.5 |
||
| 999 |
_c344906 _d344906 |
||